Marcas de coches - Estadísticas

Estadísticas generales
  • Esta prueba ha sido intentada 138 veces
  • La puntuación promedio es 61 de 97
Estadísticas de respuestas
Imagen Respuesta % Correcto
Toyota
98%
BMW
97%
Ford
97%
Nissan
97%
Alfa Romeo
96%
Audi
96%
Fiat
96%
Kia
96%
Mercedes
96%
Aston Martin
94%
Bugatti
94%
Dacia
94%
Ferrari
94%
Hyundai
94%
Jeep
94%
Lamborghini
94%
Land Rover
94%
Porsche
94%
Volkswagen
94%
Volvo
94%
Chevrolet
93%
Honda
93%
Mini
93%
Peugeot
93%
Renault
93%
Lancia
92%
Maserati
92%
Rolls Royce
92%
Tesla
92%
Jaguar
91%
Lotus
91%
Seat
91%
Opel
90%
BYD
89%
Citroen
89%
GMC
89%
Mazda
89%
Skoda
89%
Lexus
88%
MG
88%
Pagani
88%
Saab
88%
Suzuki
88%
Rover
86%
Morgan
84%
Mitsubishi
83%
Bentley
81%
Cupra
81%
Subaru
81%
Hummer
78%
Ebro
77%
TVR
76%
Fisker
72%
Caterham
71%
Cadillac
69%
DS
67%
Zenvo
67%
Smart
66%
Plymouth
64%
Spyker
64%
Genesis
60%
Infiniti
60%
McLaren
58%
Packard
58%
Chrysler
54%
Dodge
49%
Koenigsegg
41%
Daewoo
40%
Lincoln
32%
Ram
32%
Acura
31%
SsangYong
30%
Pontiac
29%
Tata
29%
Polestar
23%
Buick
22%
De Lorean
19%
Daihatsu
16%
Chery
14%
Apollo
12%
Noble
12%
De Tomasso
11%
Proton
11%
Geely
10%
Mercury
10%
Rimac
10%
Oldsmobile
9%
Pinifarina
9%
Ariel
8%
Dongfeng
7%
Great Wall
7%
Isuzu
7%
Mahindra
7%
Studebaker
7%
Wiesmann
4%
Lucid
3%
Rivian
3%
No se encontraron pruebas coincidentes
Distribución de puntuación
Porcentaje de gente con cada puntuación
Porcentaje por número respondido
Historial de tus puntuaciones
No has intentado esta prueba.